Statistics for Science Fiction & Fantasy Film Trivia #1

Click here to take the quiz!

General Stats

  • This quiz has been taken 176 times
  • The average score is 8 of 21

Answer Stats

QuestionAnswer% Correct
What professor in Harry Potter can turn into a Werewolf?Professor Lupin
79%
What is the name of the famous tournament in Harry Potter and the Goblet of Fire?Triwizard Cup
75%
What is the name of the Na'Vi homeworld in Avatar?Pandora
71%
In what country is Mad Max: Fury Road set?Australia
68%
What creature does Perseus defeat in the Labyrinth in Wrath of The Titans?Minotaur
66%
What is the name of the fort that the Elves and Men defend in LOTR: The Two Towers?Helm's Deep
64%
What is the name of Hiccup's Dragon in: How To Train Your Dragon?Toothless
64%
What form of weather does Katniss use to destory the arena forcefield in: Catching Fire?Lightning
56%
What is the official name for the creatures in the film Alien?Xenomorph
52%
What creature contains a significant ingredient for the Fountain of Youth in: Pirates of the Caribbean 4?Mermaid
50%
What film would you be in if you ran across signs saying "Big Brother" or "INGSOC"1984
49%
What is the only weapon capable of killing Smaug in one shot?Black Arrow
35%
What precious item does Shaun take from the mine in: Journey to the Center of the Earth?Diamonds
26%
What is the name of Eragon's dragon?Saphira
24%
What is the name of the reality show in Shrek 2, similar to the real world equivalent, COPS?KNIGHTS
21%
What are the droids that attack Obi-Wan and Anakin over Coruscant called in Star Wars Episode III?Buzz Droids
12%
What is the name of the virus inflicted on humanity in: Dawn of the Planet of the Apes?Simian Flu
9%
What famous building does V destroy in: V for Vendetta - before Parliament?Old Bailey
7%
Who is the girl that saves John Smith in the school in: I Am Number Four?Number Six
6%
What dangerous creature does Neytiri ride in Avatar against Quarritch?Thanator
1%
What is the name of the Federation Warship that attacks the Enterprise in Star Trek Into Darkness?USS Vengeance
1%

Score Distribution

Percentile by Number Answered

Percent of People with Each Score

Your Score History

You have not taken this quiz